Capitales avec la lettre T - Statistiques

Statistiques générales
  • Ce quiz a été pris 254 fois
    213 depuis la dernière actualisation
  • Le résultat moyen est 51 sur 67
Statistiques - réponses
Hint Réponse % Correct
T Washington
96%
T Tunis
91%
T Wellington
91%
TT Ottawa
90%
T Tallinn
90%
T Bratislava
88%
T Montevideo
87%
T Port-au-Prince
87%
T Santiago
87%
T Tokyo
87%
T Tirana
85%
T Astana
84%
T Bucarest
84%
T Budapest
84%
T Stockholm
84%
T Vatican
84%
T Antananarivo
82%
T Katmandou
82%
T Kingston
82%
T Kingstown
82%
T Port-d'Espagne
82%
TT Tachkent
82%
T Athènes
81%
T Rabat
81%
T Saint-Marin
81%
T Téhéran
81%
T Quito
79%
T Tripoli
79%
T Beyrouth
78%
T Khartoum
78%
T Tegucigalpa
78%
T Jakarta
76%
T Oulan-Bator
76%
T Port-Louis
76%
T Amsterdam
75%
T Bogota
75%
T Freetown
75%
T Port Moresby
75%
T Porto-Novo
75%
T Pretoria/Bloemfontein
75%
T Pristina
75%
T Saint John's
75%
TT Nouakchott
74%
T Port-Vila
74%
T Taipei
74%
T Djibouti
72%
T Sao Tomé
72%
T Vientiane
72%
T Saint-Domingue
71%
T Saint-Georges
71%
T Tbilissi
71%
T Achgabat
69%
T Bridgetown
69%
T Georgetown
69%
T Guatemala
69%
T Koweit
69%
TT La Valette
69%
T Castries
68%
T Basseterre
66%
T Thimphou
66%
T Maputo
65%
T Mascate
65%
T Funafuti
60%
T Victoria
60%
T Gitega
57%
TT Sri Jayawardenapura Kotte
54%
T Tarawa
50%
Aucun quiz correspondant
Distribution des résultats
% des personnes avec chaque résultat
Percentile par nombre de réponses
Votre historique - résultats
Vous n’avez pas pris ce quiz depuis la dernière actualisation